[Event "IECC Swiss-530.3"]
[Site "IECC email"]
[Date "2008.08.25"]
[Round "?"]
[White "Vann, Robin"]
[Black "Seville, Gordon"]
[Result "0-1"]
[WhiteElo "1572"]
[BlackElo "1511"]
[PlyCount "56"]
[EventDate "2008.??.??"]
[EventType "tourn (corr)"]
[EventRounds "1"]
[SourceTitle "Corr 2011"]
[Source "ChessBase"]
[SourceDate "2010.08.31"]
[SourceVersion "1"]
[SourceVersionDate "2010.08.31"]
[SourceQuality "1"]
[WhiteTeam "England"]
[BlackTeam "US of America"]
[WhiteTeamCountry "ENG"]
[BlackTeamCountry "USA"]

1. e4 d6 2. d4 Nf6 3. Nc3 g6 4. Be3 c6 5. Qd2 b5 6. f3 Nbd7 7. g4 Nb6 8. h4 h5 9. g5 Nfd7 10. d5 Ne5 11. dxc6 Nbc4 12. Bxc4 Nxc4 13. Qd4 Rg8 14. Bd2 Be6 15. Nxb5 Bg7 16. Qf2 Qb8 17. Nc3 Qxb2 18. Rb1 Qxc2 19. Rb3 Nxd2 20. Nd5 Qc1+ 21. Ke2 Bxd5 22. exd5 Nxb3 23. axb3 Qc2+ 24. Kf1 Qd1+ 25. Kg2 Qxd5 26. Qc2 Rc8 27. Qa2 Rxc6 28. Ne2 a6 0-1

[Event "IECC Swiss-530"]
[Site "IECC email"]
[Date "2008.02.19"]
[Round "?"]
[White "Maggiora, Aldo"]
[Black "Seville, Gordon"]
[Result "0-1"]
[WhiteElo "1711"]
[BlackElo "1479"]
[PlyCount "90"]
[EventDate "2008.??.??"]
[EventType "match (corr)"]
[SourceTitle "Corr 2013"]
[Source "ChessBase"]
[SourceDate "2012.11.12"]
[SourceVersion "1"]
[SourceVersionDate "2012.11.12"]
[SourceQuality "1"]
[WhiteTeam "Germany"]
[BlackTeam "Wales"]
[WhiteTeamCountry "GER"]
[BlackTeamCountry "WLS"]

1. e4 d6 2. d4 Nf6 3. Nc3 g6 4. Bg5 Bg7 5. Qd2 h6 6. Bf4 g5 7. Be3 Ng4 8. h4 Nxe3 9. fxe3 g4 10. Bc4 Nc6 11. 0-0-0 a6 12. Rf1 e6 13. Qf2 0-0 14. a3 b5 15. Bb3 Na5 16. Ba2 c5 17. Nge2 b4 18. Nb1 Qc7 19. axb4 cxb4 20. Nd2 Bd7 21. h5 Rac8 22. Bb1 Ba4 23. c3 Bb5 24. Kd1 Nc4 25. Nxc4 Qxc4 26. Ke1 Qb3 27. Nc1 Qa4 28. Nd3 bxc3 29. Qc2 Qxc2 30. Bxc2 Bxd3 31. Bxd3 cxb2 32. Kd2 a5 33. Bc2 Rc4 34. Rb1 Rb8 35. Kd3 d5 36. exd5 exd5 37. Kd2 a4 38. Bd3 Rc6 39. Rbf1 a3 40. Bb1 Rbc8 41. Rd1 Bf8 42. e4 Bb4+ 43. Ke3 Rc1 44. Ba2 Rxd1 45. Rxd1 Rc1 0-1

[Event "IECC CL5-2008.01 email"]
[Site "IECC email"]
[Date "2008.02.01"]
[Round "?"]
[White "Rourke, William"]
[Black "Seville, Gordon"]
[Result "0-1"]
[WhiteElo "1483"]
[BlackElo "1462"]
[PlyCount "60"]
[EventDate "2008.??.??"]
[EventType "tourn (corr)"]
[EventRounds "4"]
[SourceTitle "Corr 2013"]
[Source "ChessBase"]
[SourceDate "2012.11.12"]
[SourceVersion "1"]
[SourceVersionDate "2012.11.12"]
[SourceQuality "1"]
[WhiteTeam "Ireland"]
[BlackTeam "Italy"]
[WhiteTeamCountry "IRL"]
[BlackTeamCountry "ITA"]

1. d4 Nf6 2. c4 e6 3. Nf3 Bb4+ 4. Bd2 Qe7 5. g3 Nc6 6. Bg2 Bxd2+ 7. Nbxd2 d6 8. e4 e5 9. d5 Nb8 10. 0-0 a5 11. c5 0-0 12. cxd6 cxd6 13. a3 Na6 14. Ne1 Bd7 15. Nd3 Rac8 16. Rc1 Rxc1 17. Qxc1 Bb5 18. Nc4 Rc8 19. b3 Nc5 20. Nxc5 Rxc5 21. a4 Bxc4 22. bxc4 Qc7 23. Qd2 Rxc4 24. Ra1 Nd7 25. f3 Nc5 26. Bf1 Qb6 27. Bxc4 Nxe4+ 28. Qe3 Qxe3+ 29. Kg2 Qf2+ 30. Kh3 Ng5+ 0-1

[Event "IECC KO-2096"]
[Site "IECC email"]
[Date "2007.11.12"]
[Round "?"]
[White "Alessandrini, Alfredo"]
[Black "Seville, Gordon"]
[Result "0-1"]
[WhiteElo "1322"]
[BlackElo "1398"]
[PlyCount "32"]
[EventDate "2007.??.??"]
[EventType "match (corr)"]
[EventRounds "2"]
[SourceTitle "Corr 2020"]
[Source "ChessBase"]
[SourceDate "2019.09.30"]
[SourceVersion "1"]
[SourceVersionDate "2019.09.30"]
[SourceQuality "1"]
[WhiteTeam "Italy"]
[BlackTeam "United States"]
[WhiteTeamCountry "ITA"]
[BlackTeamCountry "USA"]

1. e4 d6 2. d4 Nf6 3. Nc3 g6 4. Bg5 Bg7 5. Qd2 h6 6. Bh4 Nbd7 7. Bc4 g5 8. Bg3 Nh5 9. Nge2 c5 10. 0-0-0 Nxg3 11. fxg3 a6 12. Rhf1 0-0 13. h4 e6 14. hxg5 Qxg5 15. Qxg5 hxg5 16. g4 b5 0-1